00979nam a2200205 a 450000100100000000500170001000800410002704000250006808200200009310000340011324502400014726000390038730000200042665000280044665000310047404900090050595201240051495201180063899900170075600001026820240412074216.0091006s1973 dr 000 p spa d aDO-SdBNPbspacBNPHU aRD861.44bH542p1 aHeredia Matos, Domingo92528410aPregón olímpico 73-74 :bdedicado a los XII juegos deportivos centroamericanos y del caribe, a celebrarse del 27 de febrero al 13 de marzo, en Santo Domingo, República Dominicana, el próximo año 1974 /cDomingo Heredia Matos. aSanto Domingo :bEl Hombre,c1973. a62 p. ;c21 cm. 0aPoesía dominicana966 0aLiteratura dominicana.967 aBNPD 0010718PDaPDbPDcCTd2009-10-06iLF1l0oRD861.44 H542pp10268-10r2020-06-25te. 2w2020-06-25yLFPDZNo se presta 0010718PDaPDbPDcCTd2009-10-06iLF1l0oRD861.44 H542pp10268-20r2020-06-25w2020-06-25yLFPDZNo se presta c10027d10027